LIBRARY ONLINE CATALOGUE

Agricultural guide book in agriculture and livestock husbandry / (Record no. 13696)

MARC details
000 -LEADER
fixed length control field 00622cam a22001932 4500
001 - CONTROL NUMBER
control field 0000018983
005 - DATE AND TIME OF LATEST TRANSACTION
control field 20151217155901.0
008 - FIXED-LENGTH DATA ELEMENTS--GENERAL INFORMATION
fixed length control field 100824s xx 000 0 eng d
040 ## - CATALOGING SOURCE
Original cataloging agency KABU
Transcribing agency KABU
100 1# - MAIN ENTRY--PERSONAL NAME
Personal name Lang'at, Presley Jonah.
-- 0000178499
245 10 - TITLE STATEMENT
Title Agricultural guide book in agriculture and livestock husbandry /
Statement of responsibility, etc. Presley Jonah Lang'at.
250 ## - EDITION STATEMENT
Edition statement Rev. ed.
260 ## - PUBLICATION, DISTRIBUTION, ETC. (IMPRINT)
Place of publication, distribution, etc. Kericho :
Name of publisher, distributor, etc. Cherongony Enterprise,
Date of publication, distribution, etc. 2009.
300 ## - PHYSICAL DESCRIPTION
Extent 64 p.
650 #0 - SUBJECT ADDED ENTRY--TOPICAL TERM
Topical term or geographic name as entry element Agriculture
General subdivision Handbooks, manuals, etc.
-- 0000178500
908 ## - PUT COMMAND PARAMETER (RLIN)
Put command parameter 100824
950 ## - LOCAL HOLDINGS (RLIN)
-- 1
Holdings
Withdrawn status Lost status Source of classification or shelving scheme Not for loan Home library Current library Date acquired Total Checkouts Full call number Barcode Date last seen Price effective from Koha item type
    Library of Congress Classification   Kabarak, Main Campus Kabarak, Main Campus 17/12/2015   S517 .K46L36 2009 c. 1 24154 17/12/2015 17/12/2015 Africana Collection